• 首页
  • 本馆介绍
  • 公告通知
  • 最新文献
  • 馆藏检索
  • 电子资源
  • 读者导购
  • 参考咨询
  • 我的图书馆
  • 登录
  • 详细信息显示
  • 放入我的书架
  • 预约/预借图书
  • 作者相关作品
  • 分类相关作品
  • 丛书相关作品
  • 出版社相关作品

书目信息

  • 表格格式
  • 工作单格式
  • 卡片格式
题名:
最新详解《简明英美编目规则,第二版,1988修订本》
    
 
作者: 吴龙涛 , 叶奋生翻译、新译、补充
分册:  
出版信息: 上海   上海科学技术文献出版社  1998
页数: 660页
开本: 26cm
丛书名:
单 册:
中图分类: G254.31
科图分类:
主题词: 图书馆学 , 图书馆事业
电子资源:
ISBN: 7-5439-1280-5
000 00871nam0 2200229 450
001 0740788580
005 20070728161859.96
010    @a7-5439-1280-5@b精装@dCNY100.00
100    @a20070726d1998 km y0chiy0120 ea
101 0  @achi
102    @aCN@b310000
200 1  @a最新详解《简明英美编目规则,第二版,1988修订本》@Azui xin xiang jie《jian ming ying mei bian mu gui ze,di er ban,1988 xiu ding ben》@e包括1993年修订@f吴龙涛,叶奋生翻译、新译、补充@Fwu long tao,ye fen sheng fan yi、xin yi、bu chong
210    @a上海@c上海科学技术文献出版社@d1998
215    @a660页@d26cm
517 1  @a包括1993年修订@Abao kuo 1993 nian xiu ding
606 0  @a图书馆学
606 0  @a图书馆事业
690    @aG254.31@v3
701  0 @a吴龙涛@Awu long tao
701  0 @a叶奋生翻译、新译、补充@Aye fen sheng fan yi、xin yi、bu chong
801  0 @aCN@bPFT@c20070728
905    @a10447@dG254.31@e98
    
    最新详解《简明英美编目规则,第二版,1988修订本》:包括1993年修订/吴龙涛,叶奋生翻译、新译、补充.-上海:上海科学技术文献出版社,1998
    660页;26cm
    
    
    ISBN 7-5439-1280-5(精装):CNY100.00
    
●
相关链接 在E读中查询图书 在五车中查询图书 在当当中查询图书 在豆瓣中查询图书


正题名:最新详解《简明英美编目规则,第二版,1988修订本》     索取号:G254.31/98         预约/预借

序号 登录号 条形码 馆藏地/架位号 状态 备注
1 0785426   207854268   第一样本阅览室/ [索取号:G254.31/98] 在馆    
唐山师范学院图书馆 欢迎您!
大连网信软件有限公司© 版权所有